先学会做人, 再谈成功 (Record no. 41830)

000 -LEADER
fixed length control field 00457nam a22001937a 4500
003 - CONTROL NUMBER IDENTIFIER
control field MPLRDC
005 - DATE AND TIME OF LATEST TRANSACTION
control field 20220104143631.0
008 - FIXED-LENGTH DATA ELEMENTS--GENERAL INFORMATION
fixed length control field 210129b ||||| |||| 00| 0 eng d
020 ## - INTERNATIONAL STANDARD BOOK NUMBER
International Standard Book Number 957-470-001-1
082 ## - DEWEY DECIMAL CLASSIFICATION NUMBER
Classification number 173.75 ZP
100 ## - MAIN ENTRY--PERSONAL NAME
Personal name 张璞
245 ## - TITLE STATEMENT
Title 先学会做人, 再谈成功
Statement of responsibility, etc.
250 ## - EDITION STATEMENT
Edition statement 初版
260 ## - PUBLICATION, DISTRIBUTION, ETC.
Place of publication, distribution, etc.
Name of publisher, distributor, etc. 水瓶世纪
Date of publication, distribution, etc. 2000
300 ## - PHYSICAL DESCRIPTION
Other physical details
490 ## - SERIES STATEMENT
Series statement CHANNEL E. 19
650 ## - SUBJECT ADDED ENTRY--TOPICAL TERM
Topical term or geographic name entry element 人格心理学
942 ## - ADDED ENTRY ELEMENTS (KOHA)
Koha item type Book
-- 173.75 ZP
Holdings
Withdrawn status Lost status Source of classification or shelving scheme Damaged status Not for loan Collection code Home library Current library Shelving location Date acquired Cost, normal purchase price Total Checkouts Total Renewals Full call number Barcode Date last seen Date last checked out Price effective from Koha item type Public note
            Malaysian Public Library, Research and Development Centre Malaysian Public Library, Research and Development Centre   10/12/2007 24.20   1 173.75 ZP 00041974 18/03/2021 14/05/2011 18/03/2021 Book mplrdc

© 2022. Malaysian Public Library, Research and Development Centre. All Right ReservedE-mailmplrdc@help.edu.my 

Powered by Koha